=LDR 00000nam 2200000 4500 =001 INLIS000000000009694 =005 20130612101459 =008 ***********************************Ind** =035 ##$$0010-061300000009694 =041 ##$$a Ind =082 ##$$a 634.8 =090 ##$$a 634.8, Ris l =100 ##$$a Rismunandar =245 ##$$a Liku - Liku Bertanam Anggur, Rismunandar =260 ##$$a 1996 $b Bandung =300 ##$$a 105 hlm, ilus, 21 cm =650 ##$$a Anggur =850 ##$$a NBPNMAT